Tous les Pokémon de type acier - Statistiques

Statistiques générales
  • Ce quiz a été pris 17 fois
  • Le résultat moyen est 62 sur 76
Statistiques - réponses
Type de quiz Pokémon % Correct
Acier/vol Airmure
100%
Acier/insecte Foretress
100%
Acier/roche Galegon
100%
Acier/roche Galekid
100%
Acier/roche Galeking
100%
Acier/feu Heatran
100%
Acier/eau Pingoléon
100%
Acier/glace* Sabelette d'alola
100%
Acier/glace* Sablaireau d'alola
100%
Acier/sol Steelix
100%
Acier/psy Archéodong
92%
Acier/psy Archéomire
92%
Acier/roche Bastiodon
92%
Acier/insecte Cizayox
92%
Acier Clic
92%
Acier Cliticlic
92%
Acier/dragon Dialga
92%
Acier/spectre Dimoclès
92%
Acier/roche Dinoclier
92%
Acier/dragon Duralugon
92%
Acier/spectre Exagide
92%
Acier/psy Jirachi
92%
Acier/combat Lucario
92%
Acier/électrik Magnéti
92%
Acier/électrik Magnéton
92%
Acier/électrik Magnézone
92%
Acier/spectre Monorpale
92%
Acier/fée Mysdibule
92%
Acier Registeel
92%
Acier Tic
92%
Acier/poison Vrombi
92%
Acier/poison Vrombotor
92%
Acier/vol Bamboiselle
83%
Acier/vol Corvaillus
83%
Acier/fée Forgelina
83%
Acier/fée Forgella
83%
Acier/fée Forgerette
83%
Acier/plante Grindur
83%
Acier/insecte Lancargot
83%
Acier/psy Métalosse
83%
Acier/psy Métang
83%
Acier/plante Noacier
83%
Acier/dragon Pondralugon
83%
Acier/ténèbres Scalpereur
83%
Acier/ténèbres Scalpion
83%
Acier/ténèbres Scalproie
83%
Acier/roche Tarinorme
83%
Acier/psy Terhal
83%
Acier/fée Trousselin
83%
Acier Berserkatt
75%
Acier Charibari
75%
Acier/plante Katagami
75%
Acier Pachyradjah
75%
Acier/sol Roue de fer
75%
Acier/électrik Togedemaru
75%
Acier/fée Zacian
75%
Acier/combat Zamazenta
75%
Acier/combat Cobaltium
67%
Acier/dragon* Colimucus de Hisui
67%
Acier Ferdeter
67%
Acier/insecte Genesect
67%
Acier* Miaouss de Galar
67%
Acier/sol Minotaupe
67%
Acier/dragon* Muplodocus de Hisui
67%
Acier/sol* Taupiqueur d'alola
67%
Acier/sol* Triopikeur d'alola
67%
Acier/psy Chef de fer
58%
Acier/insecte Cheniselle
58%
Acier/insecte Fermite
58%
Acier/spectre Gromago
58%
Acier/fée Magearna
58%
Acier/roche Ama-Ama
50%
Acier/sol* Limonde de Galar
50%
Acier Melmetal
50%
Acier Meltan
50%
Acier/psy Solgaleo
50%
Aucun quiz correspondant
Distribution des résultats
% des personnes avec chaque résultat
Percentile par nombre de réponses
Votre historique - résultats
Vous n’avez pas pris ce quiz